The english admirals
Պահպանված է:
| Հիմնական հեղինակներ: | , |
|---|---|
| Ձևաչափ: | Գիրք |
| Լեզու: | անգլերեն |
| Հրապարակվել է: |
Londres
J. M. Dent & Sons
1903
|
| Խորագրեր: | |
| Ցուցիչներ: |
Ավելացրեք ցուցիչ
Չկան պիտակներ, Եղեք առաջինը, ով նշում է այս գրառումը!
|
MARC
| LEADER | 00000nam a2200000 a 4500 | ||
|---|---|---|---|
| 001 | UCQ4794 | ||
| 003 | CL-VaPUC | ||
| 008 | 980910e19030000UK |||||||||||||||||eng|d | ||
| 082 | 0 | 4 | |a 824 |b STE |2 21 |
| 100 | 0 | |a Stevenson, Robert Louis |e author |9 348874 | |
| 700 | 0 | |a Froude, James Anthony |e author |9 418981 | |
| 245 | 1 | 4 | |a The english admirals |
| 246 | 1 | 0 | |a England's forgotten worthies |
| 300 | |a 190 p | ||
| 942 | |c BK | ||
| 945 | |d 19980910 00:00:00 |a crobeson | ||
| 260 | |a Londres |b J. M. Dent & Sons |c 1903 | ||
| 650 | 0 | |a Ensayos ingleses |9 265096 | |
| 650 | 0 | |a Literatura inglesa |9 312907 | |
| 583 | |a last modification |c 19980910 00:00:00 |k Rodrigo Vera | ||
| 999 | |c 275096 |d 275094 | ||
| 952 | |0 0 |1 0 |4 0 |6 824_000000000000000_STE_1903 |7 0 |8 A |9 311639 |a BIBEDU |b BIBEDU |d 2019-11-20 |i 1465589 |o 824 STE 1903 |p 1465589 |r 2019-11-20 |w 2019-11-20 |y BK |k LIT | ||